Fine Arts - Painting | 0 | 2 | 0 | 0 | 20 | 85 | 103.00 | 0 | 0 |
Science - Chemistry | 0 | 2 | 0 | 0 | 20 | 93 | 102.50 | 0 | 0 |
Fine Arts - Music | 0 | 2 | 0 | 0 | 20 | 99 | 111.00 | 0 | 0 |
Literature - World and Miscellaneous | 0 | 2 | 0 | 0 | 20 | 129 | 129.50 | 0 | 0 |
Other - Other Academic and General Knowledge | 1 | 0 | 0 | 0 | 15 | 69 | 69.00 | 0 | 0 |
Literature - American | 0 | 1 | 0 | 0 | 10 | 96 | 96.00 | 0 | 0 |
Literature - British | 0 | 1 | 0 | 0 | 10 | 108 | 108.00 | 0 | 0 |
Social Science - Other | 0 | 1 | 0 | 0 | 10 | 113 | 113.00 | 0 | 0 |
Fine Arts - Miscellaneous | 0 | 1 | 0 | 0 | 10 | 67 | 67.00 | 0 | 1 |
Geography - United States | 0 | 1 | 0 | 0 | 10 | 83 | 83.00 | 0 | 0 |
History - Cross, Historiography, and Miscellaneous | 0 | 1 | 0 | 0 | 10 | 122 | 122.00 | 0 | 0 |
History - European | 0 | 1 | 0 | 0 | 10 | 83 | 83.00 | 0 | 0 |
RMP - World Mythology | 0 | 1 | 0 | 0 | 10 | 143 | 143.00 | 0 | 0 |
Science - Biology | 0 | 1 | 0 | 0 | 10 | 73 | 73.00 | 0 | 0 |
Science - Engineering and Miscellaneous | 0 | 1 | 0 | 0 | 10 | 120 | 120.00 | 0 | 0 |
Fine Arts - Ballet/Dance | 0 | 1 | 0 | 0 | 10 | 125 | 125.00 | 0 | 0 |
RMP - Other Religion | 0 | 1 | 0 | 0 | 10 | 89 | 89.00 | 0 | 0 |
Literature - European | 0 | 0 | 0 | 0 | 0 | | 0.00 | 0 | 0 |
Geography - Europe | 0 | 0 | 0 | 0 | 0 | | 0.00 | 0 | 0 |
Science - Astronomy | 0 | 0 | 0 | 0 | 0 | | 0.00 | 0 | 0 |
Fine Arts - Sculpture | 0 | 0 | 0 | 0 | 0 | | 0.00 | 0 | 0 |